000 01614cam a22004454i 4500
003 PE-LiUPU
005 20250731165427.0
008 160209s1997 pe grm 000 0 spa d
035 _a(Sirsi) a156005
040 _aPE-LiUPU
_bspa
_cPE-LiUPU
_erda
099 _aTE 2
_bA31 1997
100 1 _aAguilar Cordero, Hayley Ulda
_eautor
245 1 4 _aLas dicotiledóneas de la zona de Concachuco /
_cHayley Ulda Aguilar Cordero.
264 0 _c1997.
300 _a178 hojas
_c30 cm
336 _atext
_2rdacontent
337 _aunmediated
_2rdamedia
338 _avolume
_2rdacarrier
502 _aTesis
_b(Lic.) --
_cUniversidad Peruana Unión,
_d1997.
504 _aIncluye referencias
520 3 _a1. Se identificaron taxonómicamente 33 familias, 50 géneros y 53 especies de dicotiledóneas en la zona de Concacucho, de importancia medicinal, industrial, alimenticia y ordimentales. 2. De las plantas identificadas y estudiadas se reconocieron 45 plantas medicinales, 15 plantas industriales, 36 plantas alimenticias y 11 ornamentales.
526 _aSEG44
526 _aSEG26
526 _aP151
526 _aP150
526 _aP149
526 _aP146
526 _aP145
526 _aP126
526 _aP125
526 _aP92
526 _aP75
526 _aP74
526 _aP27
526 _aP15
650 1 4 _aDicotedóneas
_xÑaña
_xLurigancho (Perú : Distrito)
_vTesis.
596 _a1
942 _2ddc
_cTESIS
999 _aTE 2 A31 1997
_wALPHANUM
_c8688
_iT00096
_lCCODEBUL3
_mBUL
_r1
_sY
_tTESIS
_u2016-2-9
_xEDUCACION
_PP20
_o.STAFF. Tesis
_d8688
980 _81
_gALBERTO SANCHEZ Responsable de Automatización